000 00624nam a22001697a 4500
005 20251108172737.0
008 250721s1996 xx 000 0 ara d
082 1 4 _a616.6/فول
100 1 _aفولبرايت، مارلين
_eمؤلف
245 1 0 _aالمشاكل البولية عند النساء (الإستباق) :
_bالأسباب والعلاج /
264 1 _aبيروت :
_bالدار العربية للعلوم،
_c1996.
300 _a70ص
650 1 7 _aالأمراض البولية التناسلية
650 1 7 _aالأمراض التناسلية الأنثوية
942 _2ddc
_cBK
999 _c87403
_d87403